00690nam a2200193 a 450000100100000000500170001000800410002702000150006804000250008308200150010810000280012324000380015124500860018926000400027530000220031570000290033795201130036699900170047900004296920201002040534.0140213s1990 nyu 000 0 spa d a0394539109 aDO-SdBNPbspacBNPHU axxxxbxxxx1 aTimerman, Jacobo970463 0aCuba hoy, y después.lEspañol10aCuba : A Journey /cJacobo Timerman ; translated from the spanish by Toby Talbot. aNew York :bAlfred A. Knopf,c1990. a125 cm. ;c22 cm.12aTalbot, Tobyetr.965815 001050718MOaGRbGRcCTd2014-02-13iLF1l0oxxxx xxxxp42969-10r2020-06-25w2020-06-25y1ZNo se presta c42458d42458